[Event "Ruhrgebiet Verbandsbezirksliga Gr 1"]
[Site "Ruhrgebiet"]
[Date "2019.02.10"]
[Round "6.3"]
[White "Burosch, Raimund"]
[Black "Hoerstrup, Robert"]
[Result "0-1"]
[WhiteElo "1383"]
[BlackElo "1757"]
[PlyCount "107"]
[EventDate "2018.09.30"]
[EventType "team-tourn"]
[EventRounds "9"]
[EventCountry "GER"]
[SourceTitle "EXT 2022"]
[Source "ChessBase"]
[SourceDate "2021.10.06"]
[SourceVersion "1"]
[SourceVersionDate "2021.10.06"]
[SourceQuality "1"]
[WhiteTeam "Unna SV II"]
[BlackTeam "Werne SK"]
[WhiteTeamCountry "GER"]
[BlackTeamCountry "GER"]

1. e4 e5 2. Nf3 Nc6 3. Bc4 Bc5 4. c3 Nf6 5. d4 exd4 6. cxd4 Bb4+ 7. Nc3 Nxe4 8. Qb3 0-0 9. d5 Bxc3+ 10. bxc3 Na5 11. Qb4 Nxc4 12. Qxc4 Nd6 13. Qd3 Re8+ 14. Be3 b6 15. Rc1 h6 16. 0-0 a5 17. c4 Ba6 18. Nd4 Ne4 19. Rfd1 d6 20. f3 Nc5 21. Qd2 Kh7 22. Nf5 Qf6 23. Ng3 Nd7 24. Bd4 Qg6 25. f4 f5 26. Qd3 Nf6 27. Bxf6 gxf6 28. Re1 Rad8 29. Re6 Bc8 30. Re2 Rxe2 31. Nxe2 Re8 32. Nd4 Re4 33. Rf1 Bd7 34. Rf3 Qg4 35. Re3 Qxf4 36. Rxe4 fxe4 37. Qc2 Qe3+ 38. Qf2 Qc1+ 39. Qf1 Qxf1+ 40. Kxf1 Kg6 41. Ke2 f5 42. Ke3 Kg5 43. Ne2 Ba4 44. Nd4 Bd7 45. g3 Kg4 46. Ne6 c6 47. Nf4 b5 48. dxc6 Bxc6 49. cxb5 Bxb5 50. h3+ Kxg3 51. a3 Bf1 52. Nd5 Bxh3 53. Nb6 Bg2 54. Nc4 0-1

[Event "Ruhrgebiet Verbandsbezirksliga Gr 1"]
[Site "Ruhrgebiet"]
[Date "2019.01.27"]
[Round "5.4"]
[White "Bergmann, Ricardo"]
[Black "Hoerstrup, Robert"]
[Result "1/2-1/2"]
[WhiteElo "1740"]
[BlackElo "1757"]
[PlyCount "87"]
[EventDate "2018.09.30"]
[EventType "team-tourn"]
[EventRounds "9"]
[EventCountry "GER"]
[SourceTitle "EXT 2022"]
[Source "ChessBase"]
[SourceDate "2021.10.06"]
[SourceVersion "1"]
[SourceVersionDate "2021.10.06"]
[SourceQuality "1"]
[WhiteTeam "Werl SC 1981 II"]
[BlackTeam "Werne SK"]
[WhiteTeamCountry "GER"]
[BlackTeamCountry "GER"]

1. c4 Nf6 2. Nc3 c5 3. g3 g6 4. Bg2 Nc6 5. d3 Bg7 6. e4 d6 7. Nge2 a6 8. 0-0 0-0 9. a4 Bd7 10. h3 Rb8 11. Kh2 Qc7 12. f4 e6 13. g4 h6 14. Ng3 Nd4 15. Nce2 Nxe2 16. Qxe2 b5 17. axb5 axb5 18. Rb1 Bc6 19. f5 g5 20. Qe3 e5 21. Bf3 bxc4 22. dxc4 Rb4 23. Qd3 Rfb8 24. Bd1 Bf8 25. Re1 Qa7 26. b3 Qb7 27. Bc2 Ra8 28. Nh5 Nxh5 29. gxh5 f6 30. h4 Qf7 31. Bd1 Kh7 32. Rg1 Be7 33. Bf3 Rab8 34. Bd1 Ra8 35. Rg2 Rab8 36. Bd2 R4b7 37. Be1 Ra8 38. b4 cxb4 39. Bxb4 Rab8 40. Rgb2 Qg7 41. Kh3 Be8 42. Qc3 Bf7 43. Be2 Qg8 44. Ba3 1/2-1/2

[Event "Ruhrgebiet Bezirksliga 17/18"]
[Site "Ruhrgebiet"]
[Date "2018.01.28"]
[Round "6.4"]
[White "Hoerstrup, Robert"]
[Black "Hoffmann, Eckhard"]
[Result "1-0"]
[WhiteElo "1775"]
[BlackElo "1400"]
[PlyCount "108"]
[EventDate "2017.09.03"]
[EventType "team-tourn"]
[EventRounds "9"]
[EventCountry "GER"]
[SourceTitle "EXT 2022"]
[Source "ChessBase"]
[SourceDate "2021.10.06"]
[SourceVersion "1"]
[SourceVersionDate "2021.10.06"]
[SourceQuality "1"]
[WhiteTeam "Werne SK"]
[BlackTeam "Unna SV II"]
[WhiteTeamCountry "GER"]
[BlackTeamCountry "GER"]

1. e4 e5 2. Nf3 Nc6 3. Bb5 a6 4. Ba4 d6 5. d4 b5 6. Bb3 Nf6 7. dxe5 dxe5 8. Qxd8+ Nxd8 9. Nxe5 Be6 10. f3 Bxb3 11. axb3 Bd6 12. Nd3 Nd7 13. Nc3 0-0 14. Nxb5 Ne6 15. Nxd6 cxd6 16. c3 Nec5 17. Nxc5 Nxc5 18. b4 Nb3 19. Rb1 Nxc1 20. Rxc1 f5 21. exf5 Rae8+ 22. Kf2 Rxf5 23. Rhe1 Rfe5 24. Rxe5 Rxe5 25. Ra1 Rd5 26. Rxa6 Rd2+ 27. Kg3 Rxb2 28. Rxd6 Rb3 29. Rc6 Kf7 30. Rc5 g5 31. b5 h5 32. Rxg5 Rxc3 33. Rxh5 Kg6 34. Rd5 Rb3 35. h4 Rb4 36. Kh3 Rb1 37. Kg4 Rb4+ 38. f4 Rb2 39. g3 Rb4 40. Rd6+ Kf7 41. b6 Ke7 42. Rc6 Kd7 43. Rh6 Kc8 44. h5 Rb1 45. Kg5 Rg1 46. g4 Rb1 47. Rf6 Rb5+ 48. Kg6 Rd5 49. h6 Rd8 50. Kg7 Rd7+ 51. Rf7 Rd6 52. b7+ Kb8 53. h7 Rd8 54. h8Q Rg8+ 1-0

[Event "Ruhrgebiet Bezirksliga 17/18"]
[Site "Ruhrgebiet"]
[Date "2017.10.15"]
[Round "3.4"]
[White "Ittner, Ralf"]
[Black "Hoerstrup, Robert"]
[Result "1/2-1/2"]
[WhiteElo "1668"]
[BlackElo "1775"]
[PlyCount "39"]
[EventDate "2017.09.03"]
[EventType "team-tourn"]
[EventRounds "9"]
[EventCountry "GER"]
[SourceTitle "EXT 2022"]
[Source "ChessBase"]
[SourceDate "2021.10.06"]
[SourceVersion "1"]
[SourceVersionDate "2021.10.06"]
[SourceQuality "1"]
[WhiteTeam "Hamm Koenigsspringer II"]
[BlackTeam "Werne SK"]
[WhiteTeamCountry "GER"]
[BlackTeamCountry "GER"]

1. d4 Nf6 2. Nf3 g6 3. c4 c5 4. e3 Bg7 5. Nc3 0-0 6. g3 b6 7. Bg2 Bb7 8. 0-0 Qc8 9. Qe2 d5 10. Rd1 cxd4 11. Nxd5 Nxd5 12. cxd5 Bxd5 13. Nxd4 Bxg2 14. Kxg2 Nd7 15. Rb1 e5 16. Nb5 Qc6+ 17. f3 a6 18. Na3 Nc5 19. Bd2 e4 20. Bb4 1/2-1/2

[Event "Ruhrgebiet Bezirksliga 16/17"]
[Site "Ruhrgebiet"]
[Date "2017.03.05"]
[Round "9.3"]
[White "Stolle, Dietmar"]
[Black "Hoerstrup, Robert"]
[Result "1-0"]
[WhiteElo "2013"]
[BlackElo "1831"]
[PlyCount "73"]
[EventDate "2016.08.28"]
[EventType "team-tourn"]
[EventRounds "11"]
[EventCountry "GER"]
[SourceTitle "EXT 2022"]
[Source "ChessBase"]
[SourceDate "2021.10.06"]
[SourceVersion "1"]
[SourceVersionDate "2021.10.06"]
[SourceQuality "1"]
[WhiteTeam "Wickede SK"]
[BlackTeam "Werne SK"]
[WhiteTeamCountry "GER"]
[BlackTeamCountry "GER"]

1. c4 Nf6 2. Nc3 g6 3. g3 Bg7 4. Bg2 d6 5. Nf3 c5 6. 0-0 Nc6 7. d4 cxd4 8. Nxd4 Bd7 9. h3 0-0 10. Nc2 h6 11. Rb1 a6 12. e4 Rb8 13. Nd5 Kh7 14. Be3 b5 15. cxb5 Rxb5 16. Nc3 Rb8 17. Nd4 Qa5 18. Nxc6 Bxc6 19. e5 Bxg2 20. exf6 Bxf1 21. fxg7 Kxg7 22. Kxf1 Rfd8 23. Qd2 g5 24. Qd4+ f6 25. Qe4 Rd7 26. b4 Qd8 27. Nd5 Rdb7 28. Re1 Qd7 29. Bd2 Qxh3+ 30. Kg1 Re8 31. Nxf6 Kxf6 32. Qxb7 h5 33. Qf3+ Kg6 34. Qe4+ Kf6 35. Bc3+ e5 36. Rd1 Rd8 37. Bxe5+ 1-0

[Event "Ruhrgebiet Bezirksliga 16/17"]
[Site "Ruhrgebiet"]
[Date "2017.01.08"]
[Round "6.3"]
[White "Hoerstrup, Robert"]
[Black "Wagner, Ralf"]
[Result "0-1"]
[WhiteElo "1831"]
[BlackElo "1853"]
[PlyCount "54"]
[EventDate "2016.08.28"]
[EventType "team-tourn"]
[EventRounds "11"]
[EventCountry "GER"]
[SourceTitle "EXT 2022"]
[Source "ChessBase"]
[SourceDate "2021.10.06"]
[SourceVersion "1"]
[SourceVersionDate "2021.10.06"]
[SourceQuality "1"]
[WhiteTeam "Werne SK"]
[BlackTeam "Ahlen SV II"]
[WhiteTeamCountry "GER"]
[BlackTeamCountry "GER"]

1. e4 e6 2. d4 d5 3. Nd2 Nf6 4. e5 Nfd7 5. Bd3 c5 6. c3 Nc6 7. Ne2 cxd4 8. cxd4 f6 9. exf6 Nxf6 10. 0-0 Bd6 11. Nf3 0-0 12. Bf4 Ne4 13. Be5 Bxe5 14. Nxe5 Nxe5 15. dxe5 Nxf2 16. Rxf2 Rxf2 17. Kxf2 Qb6+ 18. Kf1 Qxb2 19. Nd4 Bd7 20. Rb1 Rf8+ 21. Kg1 Qxd4+ 22. Kh1 Qxe5 23. Rxb7 Bc6 24. Rxa7 d4 25. Ra6 Bd5 26. Qd2 Qe3 27. Qxe3 dxe3 0-1

[Event "Ruhrgebiet VK1 1213"]
[Site "Nordrheinwestfalen"]
[Date "2012.10.28"]
[Round "3.3"]
[White "Hoerstrup, Robert"]
[Black "Gierse, Heinz Dieter"]
[Result "1/2-1/2"]
[WhiteElo "1838"]
[BlackElo "1916"]
[PlyCount "132"]
[EventDate "2012.09.02"]
[EventType "team-tourn"]
[EventRounds "9"]
[EventCountry "GER"]
[SourceTitle "EXT 2020"]
[Source "ChessBase"]
[SourceDate "2019.10.17"]
[SourceVersion "1"]
[SourceVersionDate "2019.10.17"]
[SourceQuality "1"]
[WhiteTeam "Werne SK"]
[BlackTeam "Bottrop SV"]
[WhiteTeamCountry "GER"]
[BlackTeamCountry "GER"]

1. e4 d5 2. exd5 Nf6 3. d4 Nxd5 4. Bc4 Nb6 5. Bb3 e6 6. Nf3 Be7 7. Bf4 Nc6 8. c3 Nd5 9. Bg3 0-0 10. Nbd2 a5 11. 0-0 Nf6 12. h3 Bd7 13. Qe2 Nh5 14. Bh2 g6 15. Rad1 Nf6 16. Rfe1 a4 17. Bc2 Nd5 18. a3 b5 19. Bd3 Na7 20. Ne4 Rb8 21. Ne5 Nc8 22. Nc5 Be8 23. Be4 Rb6 24. Qf3 c6 25. Rd3 Nd6 26. Bxd5 cxd5 27. Qg4 Nc4 28. Re2 Qc8 29. Bf4 f5 30. Qg3 Bxc5 31. dxc5 Qxc5 32. Bh6 Rf6 33. Qh4 Rf8 34. Bxf8 Qxf8 35. Qd8 Rd6 36. Qc8 Qe7 37. Nxc4 bxc4 38. Rde3 Kf7 39. Qc5 Bd7 40. Qd4 Qf6 41. Qc5 Qe7 42. Qd4 Qd8 43. Qf4 Rb6 44. Qh6 Qh8 45. Qf4 Qb8 46. Qh6 Qh8 47. h4 Qg7 48. Qf4 Rb7 49. Qd6 Qf6 50. Rd2 Bc8 51. Qc6 Qd8 52. Qxa4 Qxh4 53. Qc6 Qd8 54. Qxc4 Rxb2 55. Qd4 Rb1+ 56. Kh2 Qd6+ 57. f4 Qxa3 58. c4 Qb4 59. cxd5 Qxd4 60. dxe6+ Bxe6 61. Rxd4 Rb6 62. Ra4 Rb7 63. Ra6 Re7 64. Kg3 h6 65. Kh4 Kf6 66. Kg3 g5 1/2-1/2

[Event "Ruhrgebiet VL2 0708"]
[Site "Germany"]
[Date "2008.03.30"]
[Round "8.5"]
[White "Bartel, Mario"]
[Black "Hoerstrup, Robert"]
[Result "1-0"]
[WhiteElo "2164"]
[BlackElo "1810"]
[PlyCount "43"]
[EventDate "2007.09.02"]
[EventType "team"]
[EventRounds "9"]
[EventCountry "GER"]
[SourceTitle "EXT 2009"]
[Source "ChessBase"]
[SourceDate "2008.11.26"]
[SourceVersion "1"]
[SourceVersionDate "2008.11.26"]
[SourceQuality "1"]
[WhiteTeam "Wattenscheid III"]
[BlackTeam "Werne SK"]
[WhiteTeamCountry "GER"]
[BlackTeamCountry "GER"]

1. e4 e5 2. Nf3 Nc6 3. Bb5 a6 4. Ba4 Nf6 5. 0-0 b5 6. Bb3 Nxe4 7. Re1 Nc5 8. Bd5 Bb7 9. d4 Ne6 10. dxe5 Bc5 11. Nbd2 0-0 12. Ne4 Be7 13. c3 Rb8 14. Be3 Re8 15. Qd3 d6 16. exd6 Bxd6 17. Neg5 Nxg5 18. Nxg5 Ne5 19. Qxh7+ Kf8 20. Bxb7 Rxb7 21. Qh8+ Ke7 22. Qxg7 1-0

[Event "Ruhrgebiet VL2 0708"]
[Site "Germany"]
[Date "2007.12.09"]
[Round "4.5"]
[White "Jaring, Thorsten"]
[Black "Hoerstrup, Robert"]
[Result "0-1"]
[WhiteElo "1942"]
[BlackElo "1810"]
[PlyCount "111"]
[EventDate "2007.09.02"]
[EventType "team"]
[EventRounds "9"]
[EventCountry "GER"]
[SourceTitle "EXT 2009"]
[Source "ChessBase"]
[SourceDate "2008.11.26"]
[SourceVersion "1"]
[SourceVersionDate "2008.11.26"]
[SourceQuality "1"]
[WhiteTeam "Laeufer Ost"]
[BlackTeam "Werne SK"]
[WhiteTeamCountry "GER"]
[BlackTeamCountry "GER"]

1. c4 Nf6 2. Nc3 g6 3. d3 d6 4. e4 Bg7 5. f4 c5 6. Nf3 Nc6 7. Be2 e5 8. 0-0 0-0 9. fxe5 dxe5 10. Bg5 h6 11. Bh4 g5 12. Bf2 b6 13. Ne1 Nd4 14. Nc2 Nxe2+ 15. Qxe2 Bg4 16. Qd2 Nh5 17. Ne3 Be6 18. Rad1 Nf4 19. g3 Nh3+ 20. Kg2 g4 21. Qe2 h5 22. Be1 Ng5 23. Nf5 Nf3 24. Nxg7 Kxg7 25. Nb1 Qg5 26. Bd2 Qg6 27. Bc3 Rh8 28. Nd2 f6 29. Rb1 h4 30. Rh1 Nd4 31. Bxd4 cxd4 32. Qf2 Qg5 33. Qe2 Raf8 34. Rbf1 Bd7 35. Kf2 Rh6 36. Ke1 Rfh8 37. Rhg1 hxg3 38. hxg3 Rh2 39. Rf2 Qe3 40. Rgf1 Rxf2 41. Rxf2 Qxg3 42. Kd1 Rh1+ 43. Kc2 Qe3 44. Rg2 Qxe2 45. Rxe2 Kh6 46. Rf2 Kg5 47. Nf1 Rh3 48. Kd2 Rf3 49. Ke2 Rxf2+ 50. Kxf2 Kf4 51. b4 f5 52. Ng3 fxe4 53. Nxe4 Bf5 54. c5 Bxe4 55. dxe4 g3+ 56. Kg2 0-1